000 05044nam a2200469 a 4500
001 dia_7796
003 CHAP
005 20240620105517.0
007 ta
008 220601s2018 mx doa frm 001 0 spa d
040 _amxchpua
_cCHAP
_erda
041 0 _aspa
_beng
090 _aTesis
_bG65
_c2018
100 1 _aColchado Morales, Gloria María
240 1 0 _aPhysical and physiological quality of agave salmiana otto ex Salm-Dyck seed and early development of the plant.
_lEspañol
245 1 0 _aCalidad física y fisiológica de semilla de agave salmiana otto ex Salm-Dyck y desarrollo temprano de la planta /
_cGloria María Colchado Morales
264 _aChapingo, México :
_bEl autor,
_c2018
300 _aix, 52 hojas :
_bgráficas, diagramas, fotos +
_e1 CD-ROM
336 _2rdacontent
_atexto
_btxt
337 _2rdamedia
_ano mediado
_bn
338 _2rdacarrier
_avolumen
_bnc
500 _aEl CD contiene reporte y artículo
502 _aTesis
_b(Ingeniero Agroindustrial) --
_cUACh. Departamento de Ingeniería Agroindustrial,
_d2018
504 _aBibliografía: hojas 48-52
520 3 _aAgave salmiana Otto ex Salm-Dyck son plantas que han desarrollado diversos mecanismos que les han permitido sobrevivir en ambientes desfavorables con escasa precipitación y alternancia de temperatura durante el día y la noche. El género Agave se considera un recurso importante, principalmente en las zonas áridas y semiáridas, debido a que tiene una amplia variedad de usos, que han permitido satisfacer las necesidades de los individuos, además de las características actuales del mercado de Agave. Como principales usos de estas plantas se encuentran: ornamental, alimento, combustible, recreación, así como aspectos espirituales y culturales, siendo uso alimenticio el que se considera con mayor relevancia. Por lo mencionado anteriormente, el objetivo de la presente investigación fue evaluar la calidad física y fisiológica, así como el desarrollo temprano de la planta de Agave salmiana Otto ex Salm-Dyck Cultivar ?Xamini? y ?Verde? provenientes de Cardonal Hidalgo. Se determinó el peso de 100 semillas, humedad, porcentaje de germinación antes y después de la aplicación de pruebas de vigor (envejecimiento acelerado y conductividad eléctrica), así como el desarrollo temprano de la planta. Posteriormente los resultados de la calidad física y fisiológica se sometieron a un análisis de varianza (ANOVA) de acuerdo con un diseño experimental completamente al azar. De esta manera, los resultados pueden ser utilizados para la clasificación de lotes de semillas y con base a dichas características poder tomar decisiones en cuanto al potencial de siembra de cada lote de semillas. La semilla de dos cultivares de agave presentaron alta germinación y vigor y las plantas obtenidas después del envejecimiento acelerado fueron en general similares en cuanto al desarrollo al testigo.
520 3 _aAgave salmiana Otto ex Salm-Dyck are plants with different physiological mechanisms to survive harsh environments: low rain and big differences of temperature between day and night. The genus Agave is an important resource in the arid and semiarid regions due to the utilization of the plant to satisfy requirements of the people, also, due to the high demand of Agave. The main uses of the Agave plants are: ornamental, food, energy, recreation, cultural and spiritual ceremonies, however, the main use is as a food. The aim of this research was to assess the physical and physiological seed quality, in addition to the early plant development of Agave salmiana Otto ex Salm-Dyck landrace ?Xamini? and ?Verde? collected from the Cardonal, Hgo. The responses variables were: 100 seed weight, moisture content, percentage of germination before and after the accelerated seed ageing test, conductivity test and the early development of the agave plant. The results of the physical and physiological quality of agave seed were analysed by ANOVA according with a complete randomized design. The research can be useful to classify seed lots and also to make decisions about the seed sow potential of each seed lot. The seed of the two landraces of agave had high germination and vigour. In addition, the plants obtained after the accelerated ageing test were in general equal to the control treatment.
650 1 3 _aSemillas
_xAgave salmiana
_2atg
650 1 3 _aSemillas
_xVariedades
_2atg
650 1 3 _aPropiedades fisicoquímicas
_2atg
650 1 3 _aSeeds
_xAgave salviana
_2atg
650 1 3 _aSeeds
_xVarieties
_2atg
650 1 3 _aPhysicochemical properties
_2atg
700 1 _aGarcía Nava, José Rodolfo
_edirector
700 1 _aYbarra Moncada, Ma. Carmen
_easesora
700 1 _aHernández Ramos, Lyzbeth
_easesora
856 4 1 _uhttp://10.13.5.2/tesis/sist115222.pdf
_yDESCARGAR PDF
901 _aTESIS G65 2018
902 _aM
905 _a5232272018 MX NDL 8223123322SPA16
942 _cTESIS
_2Clasificación Universidad Autónoma Chapingo
999 _c209734
_d209734